<?xml version="1.0" encoding="UTF-8"?>
<record
    xmlns:xsi="http://www.w3.org/2001/XMLSchema-instance"
    xsi:schemaLocation="http://www.loc.gov/MARC21/slim http://www.loc.gov/standards/marcxml/schema/MARC21slim.xsd"
    xmlns="http://www.loc.gov/MARC21/slim">

  <leader>07424njm a2200577Ia 4500</leader>
  <controlfield tag="001">F0941</controlfield>
  <controlfield tag="003">IT-RoPAU</controlfield>
  <controlfield tag="005">20220918181114.0</controlfield>
  <controlfield tag="008">131025s9999    xx            000 0 und d</controlfield>
  <datafield tag="040" ind1=" " ind2=" ">
    <subfield code="a">IT-RoPAU</subfield>
  </datafield>
  <datafield tag="040" ind1=" " ind2=" ">
    <subfield code="c">IT-RoPAU</subfield>
  </datafield>
  <datafield tag="999" ind1=" " ind2=" ">
    <subfield code="c">99263</subfield>
    <subfield code="d">99263</subfield>
  </datafield>
  <datafield tag="999" ind1=" " ind2=" ">
    <subfield code="b">n.d.</subfield>
  </datafield>
  <datafield tag="100" ind1=" " ind2=" ">
    <subfield code="a">AA.VV.</subfield>
    <subfield code="9">794</subfield>
  </datafield>
  <datafield tag="100" ind1=" " ind2=" ">
    <subfield code="e">Autore musica</subfield>
    <subfield code="9">32455</subfield>
  </datafield>
  <datafield tag="100" ind1=" " ind2=" ">
    <subfield code="g">Codice autore musica SPICS: 12000</subfield>
    <subfield code="9">796</subfield>
  </datafield>
  <datafield tag="245" ind1=" " ind2=" ">
    <subfield code="a">Starting</subfield>
  </datafield>
  <datafield tag="250" ind1=" " ind2=" ">
    <subfield code="a">1a ed.</subfield>
  </datafield>
  <datafield tag="260" ind1=" " ind2=" ">
    <subfield code="a">MILANO</subfield>
  </datafield>
  <datafield tag="260" ind1=" " ind2=" ">
    <subfield code="b">RUSCONI</subfield>
    <subfield code="c">1998 [1a Ed.:]</subfield>
  </datafield>
  <datafield tag="300" ind1=" " ind2=" ">
    <subfield code="a">COMPACT DISC</subfield>
  </datafield>
  <datafield tag="300" ind1=" " ind2=" ">
    <subfield code="c">75 minuti (Testo:  pag.)</subfield>
  </datafield>
  <datafield tag="500" ind1=" " ind2=" ">
    <subfield code="a">Musica jazz. Cd fuori commercio allegato al n. 5 '98 della rivista "Musica jazz". Brani di autori vari.</subfield>
  </datafield>
  <datafield tag="505" ind1=" " ind2=" ">
    <subfield code="a">Them There Eyes [(New York 1930) (4:00)] - Troubled [(New York 1934) (3:00)] - Limehouse Blues [(New York 1935) (4:00)] - Blues In e flat [(New York 1935) (3:00)] - Solo Hop [(New York 1935) (3:00)] - Nothin' But the Blues [(New York 1935) (4:00)] - King Porter Stomp [(New York 1935) (4:00)] - Keep Smiling At Trouble [(New York 1935) (4:00)] - Willow Tree (New York 1935) (4:00)] - I'm Coming Virginia [(New York 1935) (3:00)] - I Can't Get Started [(New York 1936) (4:00)] - I Can't Get Started [(New York 1936) (4:00)] - I Nearly Let Love Go Slippin' Through [(New York 1936) (2:00)] - A Fine Romance [(New York 1936) (300)] - Marie [(New York 1937) (4:00)] - Let's Do It [(New York 1937) (4:00)] - Honey Suckle Rose [(New York 1937) (4:00)] - Mahogany Hall Stomp [(New York 1937) (3:00)] - I Can't Get Started [(Take 2) (New York 1937) (5:00)] - Caravan [(New York 1937) (4:00)] - Sunday [(New York 1938) (3:00)] - Davenport Blues [(New York 1938) (4:00)] - Blue Lou [(Take 2) (New York 1939) (4:00)] - Ain't She Sweet [(New York 1939) (3:00)]</subfield>
  </datafield>
  <datafield tag="511" ind1=" " ind2=" ">
    <subfield code="a">Berigan Bunny, Preble Harry, Mayhew Gus: trne; Kemp Hal, Williams Ben, James Jimmy: cl, alto; Dowell Saxie, Merrill Reggie: cl, ten; Trotter John Scott: p, arr; Kintzle Pinkie: bjo; Weston Paul: tuba; Ennis Skinnay: bat, voc; Hal Kemp and His Orchestra </subfield>
  </datafield>
  <datafield tag="511" ind1=" " ind2=" ">
    <subfield code="a">Berigan Bunny, Natoli Nat: tr; Miller Glen: trne; Shaw Artie: cl; Shore Jack: alto; Trumbauer Frankie: ten in do; Binyon Larry: ten; Bargy Roy: p; .Hall Lionel: chit; Bernstein Artie: cb; Frankie Trumbauer and His Orchestra</subfield>
  </datafield>
  <datafield tag="511" ind1=" " ind2=" ">
    <subfield code="a">Berigan Bunny, Neary Jerry, Sylvester Art: tr; Ballard Red, Lacey Jack: trne; Goodman Benny: cl; Mondello Toots, Schertzer Hymie: alto; Rollini Arthur, Clark Dick: ten; Froeba Frank: p; Van Eps George: chit; Goodman Harry: cb; Krupa Gene: batt; Murphy Spud: arr; Benny Goodman and His Orchestra </subfield>
  </datafield>
  <datafield tag="511" ind1=" " ind2=" ">
    <subfield code="a">Berigan Bunny: tr; Jenney Jack: trne; Mince Johnny: cl; Berry Chu: ten; Wilson Teddy: p; Van Eps George: chit; Bernstein Artie: cb; Krupa Gene: batt; Red Norvo and His Swing Octet </subfield>
  </datafield>
  <datafield tag="511" ind1=" " ind2=" ">
    <subfield code="a">Berrigan Bunny, Spivak Charlie: tr; Miller Glenn: trne; Mince Johnny: cl, alto; Miller Eddie: cl, ten; Thornhill Claude: p; Hall Larry: chit; Kaplan Delmar: cb; Bauduc Ray: batt; Glenn Miller and His Orchestra</subfield>
  </datafield>
  <datafield tag="511" ind1=" " ind2=" ">
    <subfield code="a">Berigan Bunny: tr; Samuel Morey: trne; Matlock Matty: cl; Freeman Bud: ten; Thornhill Claude: p; McDonough Dick: chit; Peterson Pete: cb; Bauduc Ray: batt; Manone Wingy: voc; Gifford Gene: arr; Gene Gifford and His Orchestra</subfield>
  </datafield>
  <datafield tag="511" ind1=" " ind2=" ">
    <subfield code="a">Kazebier Nate, Berrigan Bunny, Muzillo Ralph: tr;.Ballard Red, Lacey Jack: trne; Goodman Benny: cl; Mondello Toots, Schertzer Hymie: alto; Rollini Arthur, Clark Dick: ten; Froeba Frank: p; Van Eps George: chit; Goodman Harry: cb; Krupa Gene:  batt; Henderson Fletcher: arr; Benny Goodman and His Orchestra</subfield>
  </datafield>
  <datafield tag="511" ind1=" " ind2=" ">
    <subfield code="a">Berigan Bunny: tr; Freeman Bud: ten; Thornhill Claude: p; Condon Eddie: chit; Moncur Grachan: cb; Cole Cozy: batt; Bud Freeman and His Windy City Five</subfield>
  </datafield>
  <datafield tag="511" ind1=" " ind2=" ">
    <subfield code="a">Berigan Benny: tr; Hodges Johnny: alto; Wilson Teddy: p; Moncur Grachan: cb; Bailey Mildred: voc; Mildred Bailey and Her Alley Cats</subfield>
  </datafield>
  <datafield tag="511" ind1=" " ind2=" ">
    <subfield code="a">Berigan Bunny: tr; Sampson Edgar: alto; Miller Eddie: cl, ten; Jackson Cliff: p; Moncur Grachan: cb; Bauduc Ray: batt; Bunny Berrigan and His Blues Boy</subfield>
  </datafield>
  <datafield tag="511" ind1=" " ind2=" ">
    <subfield code="a">Berigan Bunny: tr; Philburn Al: trne; Trucker Sidney: cl, ten; Signorelli Frank: p; Mastren Carmen: chit; Peterson Pete: cb; King Stan: batt; McKenzie Red: voc; Red Mckenzie and His Rhythm Kings</subfield>
  </datafield>
  <datafield tag="511" ind1=" " ind2=" ">
    <subfield code="a">Berigan Bunny: tr; Shaw Artie: cl; Crawford Forrest: ten; Bushkin Joe: p; Condon Eddie: chit; Stuhlmaker Mort: cb; Cole Cozy: batt; Bunny Berigan and His Boys. Registrazione del 13 Aprile 1936.</subfield>
  </datafield>
  <datafield tag="511" ind1=" " ind2=" ">
    <subfield code="a">Berigan Bunny: tr; Lacey Jack: trne; Long Slats: cl; Bushkin Joe: p; Condon Eddie: chit; Stuhlmaker Mort: cb; Cole Cozy: batt; Bunny Berigan and His Boys</subfield>
  </datafield>
  <datafield tag="511" ind1=" " ind2=" ">
    <subfield code="a">Berigan Bunny: tr; Fazola Irving: cl; Hart Clyde: p; McDonough Dick: chit; Bernstein Artie: cb; Cole Cozy: batt; Holiday Billie: voc; Billie Holiday and Her Orchestra</subfield>
  </datafield>
  <datafield tag="511" ind1=" " ind2=" ">
    <subfield code="a">Berigan Bunny, Welch Jimmy, Bauer Joe, Cusumano Joe: tr; Dorsey Tommy, Jenkins Les, Bones Red: trne; Dixon Joe: cl, alto; Stulce Fred, Rounds Clyde: alto; Freeman Bud: ten; Jones Dick: p; Mastren Carmen: chit; Traxler Gene: cb; Tough Dave: batt; Leonard Jack e Musicisti dell'orchestra: voc; Oliver Sy: arr; Tommy Dorsey and His Prchestra</subfield>
  </datafield>
  <datafield tag="511" ind1=" " ind2=" ">
    <subfield code="a">Berigan Bunny, Greenwald Henry, Brown Lawrence: tr; Leary Ford: trne; Matlock Matty: cl; Schertzer Hymie: alto; Drelinger Art: ten; Burness Les: p; Morgan Tom: chit; Fishkind Arnold: cb; Berger Manny: batt; Bunny Berigan and His Orchestra</subfield>
  </datafield>
  <datafield tag="511" ind1=" " ind2=" ">
    <subfield code="a">Jam Session, At Victor,.Berigan Bunny: tr; Dorsey Tommy: trne; Waller Fats: p; McDonoughs Dick: chit; Wettling George: batt</subfield>
  </datafield>
  <datafield tag="511" ind1=" " ind2=" ">
    <subfield code="a">Berigan Bunny, Goodman Irving, Lipkins Steve: tr; Samuel Morey, Lee Sonny: trne; Dixon Joe, Pearlmutter Sid: cl, alto; Rounds Clyde, Auld George: ten; Lippman Joe: p, arr; Morgan Tom: chit; Fishkind Arnold: cb; Wettling George: batt; Bunny Berigan and His Orchestra </subfield>
  </datafield>
  <datafield tag="511" ind1=" " ind2=" ">
    <subfield code="a">Berigan Bunny: tr, voc; Goodman Irving, Lipkins Steve: tr; George Al, Lee Sonny: trne; Dixon Joe, Doty Mike: cl, alto; Rounds Clyde, Auld George: ten; Lippman Joe: p, arr; Morgan Tom: chit; Wayland Hank: cb; Wettling George: batt; Bunny Berigan and His Orchestra</subfield>
  </datafield>
  <datafield tag="511" ind1=" " ind2=" ">
    <subfield code="a">Berigan Bunny, Goodman Irving, Lipkins Steve: tr; Conniff Ray, Lobovsky Nay: trne; Dixon Joe, Doty Mike: cl, alto; Rounds Clyde, Auld George: ten; Bushkin Joe: p; Wharton Dick: chit; Wayland Hank: cb; Blowers Johnny: batt; Bunny Berigan and His Orchestra </subfield>
  </datafield>
  <datafield tag="511" ind1=" " ind2=" ">
    <subfield code="a">Berigan Bunny, Goodman Irving: tr; Conniff Ray: trne; Williams Murray: alto, sop; Bivona Gus: cl, alto; Auld George: ten; Lippman Joe: p; Wayland Hank: cb; Rich Buddy: batt; Bunny Berigan and His Men </subfield>
  </datafield>
  <datafield tag="511" ind1=" " ind2=" ">
    <subfield code="a">Berigan Bunny, Dunham Sonny, Spivak Charlie: tr; Teagarden Jack, Dorsey Tommy: trne; Goodman Benny: cl; Schertzer Hymie: alto; Rollini Arthur, Miller Eddie: ten; Zurke Bob: p; Mastren Carmen: chit; Haggart Bob: cb; Bauduc Ray: batt; All Star Band </subfield>
  </datafield>
  <datafield tag="511" ind1=" " ind2=" ">
    <subfield code="a">Berigan Bunny, Warwick Carl, Fallstich John, Aguanno Joe: tr; Jennings Al, Pasco Mark: trne; Dimaggio Charles, Goldie Jack: cl, alto; Walsh Larry, Anderson Stewart: ten; Ross Edwin: p; Moore Tommy: chit; Stuhlmaker Mort: cb; Collins Paul: batt; Bunny Berigan and His Orchestra</subfield>
  </datafield>
  <datafield tag="650" ind1=" " ind2=" ">
    <subfield code="a">JAZZ [COMPACT DISC]</subfield>
    <subfield code="e">Codice MATERIA SPICS: 9949</subfield>
    <subfield code="9">11822</subfield>
  </datafield>
  <datafield tag="700" ind1=" " ind2=" ">
    <subfield code="a">Berigan Bunny</subfield>
    <subfield code="g">Codice interprete SPICS: 50464</subfield>
    <subfield code="e">Interprete</subfield>
    <subfield code="9">32456</subfield>
  </datafield>
  <datafield tag="700" ind1=" " ind2=" ">
    <subfield code="a">AA.VV.</subfield>
    <subfield code="g">Codice autore testo/musica SPICS: 12000</subfield>
    <subfield code="e">Autore testo/musica</subfield>
    <subfield code="9">32457</subfield>
  </datafield>
  <datafield tag="942" ind1=" " ind2=" ">
    <subfield code="c">CD</subfield>
    <subfield code="2">ddc</subfield>
  </datafield>
  <datafield tag="952" ind1=" " ind2=" ">
    <subfield code="0">0</subfield>
    <subfield code="1">0</subfield>
    <subfield code="4">0</subfield>
    <subfield code="6">F_0941_000000000000000</subfield>
    <subfield code="7">1</subfield>
    <subfield code="a">SPICS</subfield>
    <subfield code="b">SPICS</subfield>
    <subfield code="d">2013-10-25</subfield>
    <subfield code="l">0</subfield>
    <subfield code="o">F0941</subfield>
    <subfield code="r">2013-10-25 00:00:00</subfield>
    <subfield code="w">2013-10-25</subfield>
    <subfield code="y">CD</subfield>
    <subfield code="z">Progr. Ins.: 3477 / N.Vol.: 1 / Copie: 1 - Copia rara: n.d. / date import: 01.01.2014 - By Epidotti, Trombetti, Vaglietti</subfield>
  </datafield>
</record>
